[Event "Wch U10 Girls"]
[Site "Batumi"]
[Date "2022.09.25"]
[Round "9"]
[White "Zhakypova, Nuraim"]
[Black "Qian, Ashley"]
[Result "0-1"]
[WhiteElo "1212"]
[BlackElo "1350"]
[PlyCount "48"]
[EventDate "2022.09.16"]
[EventType "swiss"]
[EventRounds "11"]
[EventCountry "GEO"]
[SourceTitle "EXT 2023"]
[Source "ChessBase"]
[SourceDate "2022.10.05"]
[SourceVersion "1"]
[SourceVersionDate "2022.10.05"]
[SourceQuality "1"]

1. e4 c5 2. Nf3 d6 3. c3 Nf6 4. Be2 Nc6 5. d4 cxd4 6. cxd4 e6 7. Nc3 Be7 8. 0-0 0-0 9. d5 exd5 10. exd5 Ne5 11. Bf4 Nxf3+ 12. Bxf3 Bf5 13. Re1 Qd7 14. Ne4 Nxe4 15. Bxe4 Bxe4 16. Rxe4 Bf6 17. Qf3 Rfe8 18. Rb4 Rac8 19. Qg3 Be5 20. Rb1 Qf5 21. Rd1 Bxf4 22. Rxf4 Qxd5 23. Ra1 Qxa2 24. Ra4 Qxa4 0-1